000 00370nam a2200133Ia 4500
008 220217s9999||||xx |||||||||||||| ||und||
020 _a0-07-451826-7
082 _a004.165 PAL
100 _aPal, Ajith
_91200
245 0 _aMicroprocessors: principles and applications
260 _aTata mcgraw hill
_bNew Delhi
_c1990
300 _b115
650 _aMICROPROCESSOR
999 _c166006
_d166006